000 00392nam a2200145 i 4500
001 bg
245 0 _aTeoretyczne i doświadczalne podstawy obliczania hamulców bębnowych /
_cJerzy Bochman [et al.].
260 _aWrocław,
_c1984.
650 9 _aHamulce
_xteoria
700 1 _aBochman, Jerzy.
040 _cBPK
041 _apol
942 _cKS
008 s pl f |000 0 pol
999 _c23270
_d23270
856 _uhttp://koha.tu.koszalin.pl/cgi-bin/koha/opac-detail.pl?biblionumber=23270
_yKatalog online BPK